1015 1301 1595 1927 1119 1445 1262 1734 1264 1438 1838 1617 1930 1159 1294 1370 1753 1103 1337 1700 1123 1601 1604 1739 1930 1220 1742 1574 1696 1613 1402 1298 1655 1502 1432 1450 1345 1942 1386 1819 1858 1082 1877 1270 1388 1562 1865 1945 1262 1513 1648 1250 1012 1944 1873 1714 1801 1328 1451 1249 1480 1630 1672 1866 1021 1628 1340 1664 1070 1752 1368 1673 1261 1847 1600 1552 1908 1425 1757 1512 1669 1449 1019 1361 1719 1033 1579 1257 1708 1553 1199 1388 1286 1686 1103 1822 1339 1781 1382 BCNSPRNW ULIB Ver.6.0+V

เปลี่ยนเป็นภาษาไทย

Change to English
 แสดงรายละเอียดบรรณานุกรม
  กลับหน้าหลัก

Brief Record : Get Marc (ISO 2709) : E-mail record : QR code < ปิดหน้าต่าง
LEADER : 00000nam 2200000uu 4500
001    13399120956
003     ULIB
008    121029s2552||||th 000 0 tha d
020    ^a9746571834
020    ^a9789746571838
060 04 ^aWH250^bส628ม 2552
100 0  ^aสาคร พรประเสริฐ
245 10 ^aมะเร็งเม็ดเลือดขาว /^cสาคร พรประเสริฐ
250    ^aพิมพ์ครั้งที่ 4
260    ^aกรุงเทพฯ :^bดาราวรรณการพิมพ์,^c2552
300    ^avii, 125 หน้า :^bภาพประกอบ ;^c30 ซม.
504    ^aบรรณานุกรม
650  7 ^aลิวคีเมีย
650  7 ^aมะเร็งเม็ดเลือดขาว
710 2  ^aมหาวิทยาลัยเชียงใหม่. ^bคณะเทคนิคการแพทย์.ภาควิชาจุลทรรศนศาสตร์คลินิก
945    ^p240^l0^i16252
945    ^p240^l0^i16251
995    ^aกัณชพร
999 ^a ใช้งานได้ทุกระบบ
รายการนี้ยังไม่มีแท็ก
คุณยังไม่ได้ล็อกอิน คุณสามารถมีกิจกรรมร่วมกับเว็บไซต์ได้ แต่ต้องล็อกอินก่อน ::
  ล็อกอิน

รายการสื่อสารสนเทศ

ลำดับที่ ประเภท เลขเรียก/บาร์โค้ด สถานที่ สถานะ
- ไม่พบข้อมูล -

รายการใกล้เคียง
    ผู้แต่ง [สาคร พรประเสริฐ]

    หัวเรื่อง [ลิวคีเมีย]
    หัวเรื่อง [มะเร็งเม็ดเลือดขาว]

BibComment


ยังไม่เคยถูกคอมเมนท์

คอมเมนท์ทรัพยากรรายการนี้
  คอมเมนท์: มะเร็งเม็ดเลือดข..


 Copyright 2026. Bcnsprnw @Library